000 00617nam a2200193 i 4500
001 36816
003 ES-MaACL
005 20230906155440.0
007 t|
008 030219s1973 ag ||||1| spa d
100 1 _aBoutruche, Robert.
_931066
245 1 0 _aSeñorío y feudalismo /
_cRobert Boutruche ; [traducción Margarita B. Pontieri].
250 _a[1ª ed.].
260 _a[Buenos Aires, etc. :
_bSiglo Veintiuno,
_c1973]
300 _a348 p. ;
_c20 cm.
505 8 _a[V. 1]: Los vínculos de dependencia : primera época
700 1 _aPontieri, Margarita B.
_993062
852 _aES-MaACL
_jA-8910
_bR.98294
999 _c36816
_d36816